| 000 | 01044nam a2200253 i 4500 | ||
|---|---|---|---|
| 001 | 164721 | ||
| 003 | ES-MaACL | ||
| 005 | 20250731034210.0 | ||
| 008 | 980807m18871894sp |||| |aspa d | ||
| 080 | _a929 Sanromá, Joaquín María | ||
| 100 | 1 |
_aSanromá, Joaquín María, _d1828-1895 _9103198 |
|
| 245 | 1 | 0 |
_aMis memorias / _cJoaquín María de Sanromá. |
| 260 |
_aMadrid : _b[s.n.], _c1887-1894 ( _fTip. de Manuel G. Hernández) |
||
| 300 |
_a2 v. ; _c24 cm. |
||
| 505 | 8 | _aContiene: v. 1. 1828-1852 ([4], 446, [2] p. en bl.) -- v. 2. 1852-1868 (430, [5] p.) | |
| 505 | 8 |
_aEn v. 2: ; _tPáginas del antiguo Ateneo de Madrid( _g, p. 175-183) |
|
| 510 | 4 |
_aPALAU, _c297529 |
|
| 530 | _aDisponible en formato digital. | ||
| 600 | 1 | 4 |
_aSanromá, Joaquín María, _d1828-1895 _9103198 |
| 610 | 2 | 4 |
_aAteneo de Madrid- _vHistoria- _vRelatos personales _91926 |
| 852 |
_aES-MaACL _jG-5943-44 _z- Rust. |
||
| 856 |
_uhttp://bdh-rd.bne.es/viewer.vm?id=0000099999&page=1 _zBiblioteca Digital Hispánica |
||
| 999 |
_c164721 _d164721 |
||